000 nam a22 a 4500
999 _c390900
_d390900
003 BLK
005 20211105151527.0
008 201030b bu |||||r|||| 00| | bu d
020 _a978-619-7350-82-1
040 _aBLK
041 _aBUL
_cBUL
080 _aОбразователна политика. Образование и общественост
_b37.014
_z37.014
080 _aСвобода на печата. Цензура. Вж и 351.75
_b070.13
_z070.13
100 _9300318
_aМилтън, Джон
_eпърви автор
139 _aМилтън, Джон
_bМ 61
245 _aЗа образованието.
_bАреопагитика
_cДжон Милтън ; прев. от англ., следг. Мартин Осиковски
260 _9216827
_aСофия
_bЛист
_c2020
_n978-619-7350-
300 _c24 см
_a166 с.
380 _a3
500 _aОриг. загл.: Of education. Areopagitica / John Milton От преводача / М. О.: с. 5. - Библиогр.: с. 151-163.
504 _aс. 151-163
650 0 _9252113
_aОбразование и просвета
650 7 _9170382
_aСвобода на словото
700 _9382530
_aОсиковски, Мартин Николаев
_eпрев.от англ.
852 _aЦб 304538
_bЦб
942 _cKNG
_n0
_s1
944 _aCR
_c2020-10-30
_kД.Д
944 _aED
_c2020-11-21
_kК.Д.
999 _d390900
999 _d390900